000 01522cam a22004334i 4500
003 PE-LiUPU
005 20250731172930.0
008 170615s1961 nju gr 000 0 eng d
035 _a(Sirsi) a204388
040 _aPE-LiUPU
_bspa
_cPE-LiUPU
_erda
049 _aPRUA
082 0 4 _a231
_bC16
_221
100 1 _aCalvin, John,
_eautor.
245 1 0 _aConcerning the eternal predestination of God /
_cJohn Calvin.
264 1 _aNew Jersey :
_bThe camelot press,
_c1961.
300 _a191 páginas ;
_c20 centímetros
336 _atext
_2rdacontent
337 _aunmediated
_2rdamedia
338 _avolume
_2rdacarrier
505 2 _aTitle-page -- Calvin's opponents and their these -- Calvin's contrary thesis -- Supporting evidence from st Paul -- Supporting evidence from st augustine .. The witness of scripture -- Pighius' arguments -- Pighius' proofs -- Refutation of pighius.
526 _aSEG42
526 _aSEG41
526 _aSEG40
526 _aSEG39
526 _aP94
526 _aP87
526 _aP86
526 _aP85
526 _aP77
526 _aP76
526 _aP35
650 0 4 _aReforma protestante
650 0 4 _areforma inglesa
942 _2ddc
_cBOOK
994 _aC0
_bPEPRU
596 _a1
999 _a231 C16
_wLC
_c20750
_i76258
_f2021-11-9
_g4
_lCCODEBUL1
_mBUL
_p10.00
_r0
_sY
_tBOOK
_u2017-6-15
_xTEOLOGIA
_PP85
_0COMPRA
_o.STAFF. Colección Teología
_d20750
980 _81
_gALBERTO SANCHEZ Responsable de Automatización